| 000 | 00799cab a2200289 4500 | ||
|---|---|---|---|
| 001 | ABS47468 | ||
| 008 | 090401t1992 xxu||||| |||| 00| 0 eng d | ||
| 035 | _a(Sirsi) u62107 | ||
| 041 | _aeng | ||
| 100 | _aFleming, M. | ||
| 245 | _aProspects for the UK economy and the housing market | ||
| 260 | _c1992 | ||
| 350 | _a0 | ||
| 490 |
_aCBSI _v46(214) November 1992, 2-6(4) |
||
| 520 | _aAnalyses how the present economic problems are affecting the housing market. | ||
| 650 | _aECONOMY | ||
| 650 | _aERM | ||
| 650 | _aHOUSE PRICES | ||
| 650 | _aHOUSING MARKET | ||
| 650 | _aINTEREST RATES | ||
| 650 | _aRECESSION | ||
| 650 | _aSTERLING CRISIS | ||
| 690 | _aPROPERTY-RESIDENTIAL PROPERTY-RESIDENTIAL PROPERTY MARKET | ||
| 700 | _aNellis, J. | ||
| 942 | _n0 | ||
| 948 | _c04/03/1997 | ||
| 999 |
_c38572 _d38572 |
||